Biológia človeka 2

Bibliographic Details
Main Author: Pospíšil Milan F., 1931-2006 (Author)
Format: Book
Language:Slovak
PhysicalDescription:263 s. grafy, ilustr., mp., tab. 24 cm
Published: Bratislava Univerzita Komenského 2002
ISBN:8022315427
Edition:1. vyd.
Subjects:

MARC

LEADER 00000nam a2200000 a 4500
001 vtls001459815
003 SK-MaSNL
005 20260301014108.0
008 240509s2002 xo ab g 000 yyslo
015 |a SNBA2004/02-01016 
020 |a 8022315427 
035 |a SNK000415122 
035 |a urn:nbn:sk:snk-amtid0 
035 |a urn:nbn:sk:snk-am00c4nc 
035 |a 3DF23A65-E379-4916-9A31-37E59A1B3D50 
040 |a SNK  |b slo  |c SNK  |e AACR2 
041 0 |a slo 
044 |a SK 
072 7 |a 611  |x Anatómia človeka a porovnávacia anatómia  |2 konspekt 
080 |a 611/612(075.8)  |2 2. slo 
080 |a 611/612  |2 1981 
080 |a (075.8)  |2 1981 
100 1 |a Pospíšil Milan F.,  |d 1931-2006  |4 aut  |9 221486 
245 1 0 |a Biológia človeka  |n 2  |c Milan F. Pospíšil a kolektív 
250 |a 1. vyd. 
260 |a Bratislava  |b Univerzita Komenského  |c 2002 
300 |a 263 s.  |b grafy, ilustr., mp., tab.  |c 24 cm 
500 |a 600 výt. 
650 0 7 |a biológia  |2 MESH  |9 689 
650 0 7 |a učebnice  |2 MESH  |9 74147 
650 0 7 |a biológia človeka  |2 SNK  |9 2430 
650 0 7 |a biológia človeka  |2 phsnk  |9 2430 
655 7 |a Textbooks (higher)  |2 SNKPHeng  |9 276436 
655 7 |a učebnice vysokých škôl  |2 SNKPH  |9 70191 
919 |a 80-223-1542-7 
958 |a MI 
958 |a OND 
968 |d 61 
999 |c 557821  |d 559751 
952 |t P60, <03>, [BOOK], {603}  |a SNK  |b SNK  |y PREZ  |7 0  |p 17A0398182  |o snkSB 59070/2  |i snkKSP 11962/2003  |0 0  |1 0  |4 0  |d 2003-09-11  |f 1  |l 0  |r 2025-04-11 00:00:00  |w 2026-02-23 
952 |t P60, <04>, [BOOK], {604}  |a SNK  |b SNK  |y VYP  |7 0  |p 17A0398183  |o snkSB 59070/2 D1  |i snkKSP 11963/2003  |0 0  |1 0  |4 0  |d 2003-09-11  |l 0  |r 2005-01-02 00:00:00  |w 2026-02-23 
952 |t snkBIO/2 57  |a SNKUST  |b SNKUST  |y PREZ  |7 0  |p 17A0464525  |o snkSB 59070/2 D2  |i snk2005/10011  |8 3  |g 8.80  |0 0  |1 0  |4 0  |d 2005-06-09  |l 0  |r 2025-03-21 00:00:00  |w 2026-02-23